000 00998nas a2200301Ia 4500
001 80
003 CO-MdFUSB
005 20170406102501.0
008 151030s9999 c 000 0 s d
022 _a1692-4967
037 _bAlianza de Educación para la Construcción de una Cultura de Paz
040 _aCO-MdFUSB
_bspa
_cCO-MdFUSB
_dCO-MdFUSB
_erda
041 0 _aspa
_hspa
245 1 0 _aEducación para la Paz
_cAlianza de Educación para la Construcción de una Cultura de Paz
260 _aBogotá
264 _aColombia :
_bAlianza de Educación para la Construcción de una Cultura de Paz
300 _aNúmero 3 - 4
_c28 cm.
310 _aNo aplica
336 _2rdacontent
_a1
_ba1
337 _2rdamedia
_a2
_b5
338 _a2
362 _a2004 - 2005
546 _aTexto en español
650 _vPublicaciones seriadas
773 _dBogotá, Colombia : Alianza de Educación para la Construcción de una Cultura de Paz 2004
810 _hRevistas
942 _cCR
_2ddc
_a2
999 _c49422
_d49422